Normal view
MARC view
- Copper alloys. [from old catalog]
Entry Topical Term
001 - CONTROL NUMBER
- control field: 41081
003 - CONTROL NUMBER IDENTIFIER
- control field: NUST
005 - DATE AND TIME OF LATEST TRANSACTION
- control field: 20210314131948.0
008 - FIXED-LENGTH DATA ELEMENTS
- fixed length control field: 210314|| aca||aabn | a|a d
040 ## - CATALOGING SOURCE
- Original cataloging agency: NUST
- Transcribing agency: NUST
150 ## - HEADING--TOPICAL TERM
- Topical term or geographic name entry element: Copper alloys. [from old catalog]
670 ## - SOURCE DATA FOUND
- Source citation: Work cat.: (NUST): American Society for Testing Materials. 25223, A. S. T. M. standards on copper and copper alloys., Philadelphia.
